Statystyki dla Daty z histrorii Polski #1

Kliknij tutaj aby rozwiązać quiz!

Ogólne statystyki

  • Ten quiz został rozwiązany 7 816 razy
  • Średni wynik to 16 z 20

Statystyki odpowiedzi

HintOdpowiedź% Poprawnych
chrzest Polski966
99%
koniec II wojny światowej1945
95%
wybuch II wojny światowej1939
95%
bitwa pod Grunwaldem1410
95%
odbudowanie niepodległego państwa polskiego; koniec I wojny światowej1918
94%
początek I wojny światowej1914
92%
Powstanie Warszawskie1944
91%
zjazd gnieźnieński1000
90%
koniec komunizmu1989
88%
III rozbiór Polski1795
86%
II rozbiór Polski1793
85%
koronacja Bolesława Chrobrego1025
84%
bitwa warszawska (cud nad Wisłą)1920
82%
wprowadzenie stanu wojennego1981
82%
I rozbiór Polski1772
80%
powstanie listopadowe1830
71%
powstanie styczniowe1863
68%
hołd pruski1525
53%
początek rozbicia dzielnicowego1138
41%
koniec rozbicia dzielnicowego1320
31%

Rozkład punktacji

Percentyl według liczby udzielonych odpowiedzi

Procent ludzi z każdym wynikiem

Twoja historia wyników

Nie rozwiązałeś tego quizu